Extremely Hard General Knowledge #47 - Statistics

General Stats
  • This quiz has been taken 329 times
    131 since last reset
  • The average score is 4 of 20
Answer Stats
Hint Answer % Correct
In which country would you find the River Batman? Turkey
60%
Which star discovered by Robert Innes, stands at 4.25 light years from the Sun and is the nearest star to the Sun? Proxima Centauri
34%
Who had three children called Susanna, Hamnet and Judith? William Shakespeare
34%
Which dimension comes in between Overworld and End in the video game Minecraft? Nether
30%
What is the name of the Dutch navigator who is the namesake of the sea to the north of Norway and Russia? Willem Barentsz
29%
The kiwifruit is also commonly known by what nickname? Chinese {gooseberry}
27%
In Kent, Walter Arnold became the first person to get a speeding ticket in which year? 1896
24%
Home to one of the Seven Wonders of the World, what is the name of the ancient Greek city where the first mausoleum, for King Mausolus, was built? Halicarnassus
22%
With a net worth of over $87bn, the richest woman in the world, Françoise Bettencourt Meyers is the heiress to which company? L'Oréal
17%
In Egyptian mythology, which daughter of Ra and Isis is often depicted as having the head of a cat? Bastet
14%
The daughters Elinor, Marianne and Margaret in Sense and Sensibility all share what surname? Dashwood
12%
Which boxer, who was the heavyweight champion from 1919 to 1926 was known as the Manassa Mauler? Jack Dempsey
11%
How many feet are in a chain? 66
10%
In the Lord of the Rings trilogy what is the name of the Great Eagle that saves Gandalf and later, Gandalf rides to save Frodo and Sam from Mount Doom? Gwaihir
9%
Which astronaut famously hit two golf balls on the moon? Alan Shepard
8%
Who starred as Will Truman in the NBC sitcom Will & Grace that began in 1998? Eric McCormack
8%
Who is the only actor to have won 3 Best Supporting Actor Oscars for Come and Get It (1936), Kentucky (1938) and The Westerner (1940)? Walter Brennan
7%
Which song by Oasis is the longest song to be UK Number One 9 minutes and 38 seconds All Around the World
5%
Which American engineer is widely created with the invention of the laser in 1960? Theodore Maiman
3%
In July 2024, Which Ukrainian athlete broke the women's high jump world record with a jump of 2.10m? Yaroslava Mahuchikh
0%
No matching quizzes found
Score Distribution
Percent of People with Each Score
Percentile by Number Answered
Your Score History
You have not taken this quiz since the last reset